| 000 | 00377nam a2200157Ia 4500 | ||
|---|---|---|---|
| 008 | 151213s9999 xx 000 0 und d | ||
| 100 | _aM..G .Mostafa | ||
| 245 |
_aMethods of Statistics _cM..G .Mostafa |
||
| 250 | _a4th | ||
| 260 |
_aDhaka _bKarimpul _c1989 |
||
| 300 | _a4175 p. | ||
| 650 | _aStatistics | ||
| 650 | _aStatistics | ||
| 700 | _aM..G .Mostafa | ||
| 999 |
_c2600 _d2600 |
||